00000000nam##2200000za#4500
0019.681095
003CaOODSP
00520200330065827
007ta
008150407|2000||||xxc|||||     f|0| 0 fre|d
020 |a0-662-84609-5
040 |aCaOODSP|bfre
043 |an-cn---
0861 |aH49-135/2000F
1101 |aCanada.|bSanté Canada. |bDirection générale de la protection de la santé.
24510|aLes indicateurs de la santé périnatale au Canada : |bmanuel de référence
260 |aOttawa - Ontario : |bSanté Canada. |c2000.
300 |aix, 91p. : |bfigures, références, tableaux ; |c28 cm.
504 |aBibliographie.
563 |aReliure à spirale
590 |a01-24|b2001-06-15
69107|aSoins périnataux|2gcpds
69107|aSoin du nouveau-né|2gcpds
69107|aRégime de soins de santé|2gcpds
69107|aIndicateurs de l'état de santé|2gcpds
77508|tPerinatal health indicators for Canada : |w(CaOODSP)9.647704
7760#|tLes indicateurs de la santé périnatale au Canada |w(CaOODSP)9.639557